000 00800nam a2200217Ii 4500
003 JO-AjNU
008 230605s9999||||xx |||||||||||||| ||und||
017 _a2002/3462
020 _a977-215-646-6
040 _aJO-AjNU
_bara
_erda
_cJO-AjNU
041 _aara
050 1 4 _aPJ6161.S2476 2002
100 3 _aتاليف رزق،صلاح,
_eauthor
_934208
245 0 0 _aأدبية النص محاولة لتأسيس منهج نقدي عربي
264 3 1 _aالقاهرة: دار غريب للطباعة والنشر والتوزيع شركة ذات مسئولية محدودة، 2002
300 _a238ص
336 _atext
_btxt
_2rdacontent
337 _aunmediated
_bn
_2rdamedia
338 _avolume
_bnc
_2rdacarrier
650 4 _aالادب العرب-تاريخ ونقد-القرن20
_934209
999 _aA13999
_c17567
_d17567